| 000 | 01366nam a2200325Ia 4500 | ||
|---|---|---|---|
| 001 | ebr10265990 | ||
| 003 | CaPaEBR | ||
| 006 | m u | ||
| 007 | cr cn||||||||| | ||
| 008 | 070823t20072006ilua sb 001 0 eng d | ||
| 020 | _z9780226109220 | ||
| 020 | _z0226109224 | ||
| 040 |
_aCaPaEBR _cCaPaEBR |
||
| 035 | _a(OCoLC)503443889 | ||
| 050 | 1 | 4 |
_aLA179 _b.C53 2007eb |
| 100 | 1 |
_aClark, William, _d1953- |
|
| 245 | 1 | 0 |
_aAcademic charisma and the origins of the research university _h[electronic resource] / _cWilliam Clark. |
| 260 |
_aChicago : _bUniversity of Chicago Press, _c2007, c2006. |
||
| 300 |
_a662 p. : _bill. |
||
| 500 | _aOriginally published: 2006. | ||
| 504 | _aIncludes bibliographical references (p. 567-623) and index. | ||
| 533 |
_aElectronic reproduction. _bPalo Alto, Calif. : _cebrary, _d2009. _nAvailable via World Wide Web. _nAccess may be limited to ebrary affiliated libraries. |
||
| 650 | 0 |
_aEducation, Higher _xHistory _y18th century. |
|
| 650 | 0 |
_aEducation, Higher _xHistory _y19th century. |
|
| 650 | 0 |
_aUniversities and colleges _xHistory _y18th century. |
|
| 650 | 0 |
_aUniversities and colleges _xHistory _y19th century. |
|
| 655 | 7 |
_aElectronic books. _2local |
|
| 710 | 2 | _aebrary, Inc. | |
| 856 | 4 | 0 |
_uhttp://site.ebrary.com/lib/rucke/Doc?id=10265990 _zAn electronic book accessible through the World Wide Web; click to view |
| 999 |
_c10956 _d10956 |
||